000 00479nam a2200181Ia 4500
003 OSt
005 20260106114705.0
008 210210b1951 xxu||||| |||| 00| 0 eng d
040 _cAL
041 _aKannada
082 _a859/1575
100 _aRAMARAV (M)
_9155920
_dರಾಮರಾವ್ (ಎಂ).
245 _aShakti purusha:
_bಶಕ್ತಿ ಪುರುಷ
260 _aBengaluru
_b-
_c1951
690 _aKannada Fiction
_9155921
906 _a022302
942 _2ddc
_cBK
999 _c146602
_d146602